| 000 | 01041nam a22003017a 4500 | ||
|---|---|---|---|
| 001 | 6325 | ||
| 003 | FISKH | ||
| 005 | 20250422104932.0 | ||
| 008 | 250422b cb ||||| |||| 00| 0 eng d | ||
| 020 | _a9780545398145 | ||
| 040 |
_aFISKH _beng _cFISKH _dFISKH |
||
| 050 | _aPZ7.P2843 L | ||
| 082 | _a813.6 | ||
| 100 | _aPaulsen, Gary | ||
| 245 |
_aLawn boy returns / _cBy Gary Paulsen |
||
| 250 | _aFirst Scholastic printing , September 2011 | ||
| 260 |
_aNew York : _bScholastic , _c2010. |
||
| 300 |
_a101 pages : _billustrations ; _c19 cm . |
||
| 490 | _aLawn Boy | ||
| 505 | _aZ | ||
| 520 | _aHaving expanded his summer lawn mowing job into an ever-growing business conglomerate, a twelve-year-old boy gets involved in high finance thanks to his hippie stockbroker, takes on sponsorship of a boxer, and becomes a media sensation. | ||
| 521 | 8 |
_a920
_bLexile |
|
| 521 | 8 |
_aZ
_bRaz-Plus |
|
| 650 |
_aHumorous stories _vNon-fiction |
||
| 650 |
_aInvestment _vNon-fiction |
||
| 942 |
_2ddc _cBK _n0 |
||
| 999 |
_c6325 _d6325 |
||